Estadísticas para Obras literarias y sus autores - 3

Haz click aquí para tomar la prueba!

Estadísticas generales

  • Esta prueba ha sido tomada 30 veces
  • La puntuación promedio es 10 de 20

Estadísticas de respuestas

ObraAutor/a% Correcto
La IlíadaHomero
92%
Guerra y pazLeón Tolstói
84%
Lazarillo de TormesAnónimo
80%
El Conde de MontecristoAlejandro Dumas
68%
DecamerónGiovanni Boccaccio
64%
El AlephJorge Luis Borges
60%
NadaCarmen Laforet
56%
Jane EyreCharlotte Brontë
56%
Alicia en el país de las maravillasLewis Carroll
56%
FuenteovejunaLope de Vega
56%
Robinson CrusoeDaniel Defoe
48%
El principitoAntoine de Saint-Exupéry
44%
Las metamorfosisOvidio
44%
Don Juan TenorioJosé Zorrilla
40%
Como agua para chocolateLaura Esquivel
40%
La plaza del DiamanteMercè Rodoreda
32%
Hojas de hierbaWalt Whitman
32%
Agnes GreyAnne Brontë
24%
La voz dormidaDulce Chacón
20%
La cabaña del tío TomHarriet Beecher Stowe
12%

Distribución de puntuación

Porcentaje por número respondido

Porcentaje de gente con cada puntuación

Historial de tus puntuaciones

No has tomado esta prueba